Statistics for Countries that Bob Dylan has gigged in

Click here to take the quiz!

General Stats

  • This quiz has been taken 26 times
  • The average score is 41 of 51

Answer Stats

Number of gigs Country % Correct
2,322United States
100%
101Japan
100%
77Spain
100%
77France
100%
6China
100%
101Italy
100%
169Canada
100%
175Germany
96%
52Sweden
96%
1Russia
96%
119Australia
96%
29Norway
96%
206United Kingdom
96%
19Brazil
96%
12Mexico
96%
12Argentina
92%
23New Zealand
92%
2Iceland
88%
6Poland
88%
8Portugal
88%
9Finland
88%
2South Korea
88%
32Switzerland
88%
31Denmark
84%
35Netherlands
84%
4Slovenia
84%
3Chile
84%
27Ireland
84%
30Austria
80%
6Israel
80%
7Greece
80%
18Belgium
80%
2Serbia
80%
2Slovakia
80%
13Czech Republic
80%
3Turkey
76%
2Croatia
76%
2Hungary
72%
2Romania
72%
1Bulgaria
68%
5Luxembourg
68%
2Taiwan
64%
2Uruguay
60%
1Estonia
60%
1Lithuania
60%
1Vietnam
60%
1North Macedonia
52%
3Singapore
52%
1Costa Rica
48%
1Malaysia
40%
1Andorra
36%

Score Distribution

Percentile by Number Answered

Percent of People with Each Score

Your Score History

You have not taken this quiz